000 00306nam a22001457a 4500
003 SGT
020 _a9789395116596
082 _a345
_bGAU
100 _aGAUR K D
245 _aTEXTBOOK ON INDIAN PENAL CODE
250 _a8
260 _aGURGAON
_bLEXIS NEXIS
_c2024
300 _a1562
942 _2ddc
_cBK
_06
999 _c25754
_d25754